Railway stations in Cornwall Quiz Stats

 Plays Quiz not verified by Sporcle

Support Sporcle.
Go Orange.
Score 0/36 Timer 10:00
1 Play Today
Opened Station % Correct
1852Penzance
97.5%
1859Truro
95.9%
1877St. Ives
89.1%
1876Newquay
88.1%
1859Bodmin Parkway
87.8%
1859St. Austell
85.6%
1852Redruth
83.9%
1859Liskeard
81.6%
1843Camborne
81.6%
1859Par
81%
1860Looe
78.3%
1852St. Erth
77.8%
1859Saltash
77.1%
1852Hayle
69.9%
1863Falmouth Docks
68.1%
1970Falmouth Town
65.8%
1859Lostwithiel
60.3%
1863Penryn
58.9%
Opened Station % Correct
1859St. Germans
58.6%
1877Lelant
57.4%
1877Carbis Bay
52%
1978Lelant Saltings
50.5%
1908Gunnislake
46.8%
1859Menheniot
45.8%
1864Perranwell
45.7%
1901Coombe
44.3%
1876Bugle
44.2%
1925Penmere
41%
1911Quintrell Downs
39.3%
1876Roche
38%
1876Luxulyan
37.7%
1900St. Keyne
37.2%
1876St. Columb Road
36.3%
1881Sandplace
36%
1908Calstock
33.6%
1879Causeland
29%

You're not logged in!

Compare scores with friends on all Sporcle quizzes.
OR
Log In

From the Vault

Three-Letter Past-Tense Verbs

by ryry97

Even though this quiz will have you looking at the past, you should do it in the present.
Remove Ads.
Support Sporcle.
Get the best of Sporcle when you Go Orange. This ad-free experience offers more features, more stats, and more fun while also helping to support Sporcle. Thank you for becoming a member.

Show Comments

Extras

Created Mar 10, 2012ReportNominate
Tags:Cornwall, Railway, station

Top Quizzes Today


Score Distribution

Your Account Isn't Verified!

In order to create a playlist on Sporcle, you need to verify the email address you used during registration. Go to your Sporcle Settings to finish the process.

Report this User

Report this user for behavior that violates our Community Guidelines.

Details: